000 00450nam a2200157 i 4500
001 145523
003 ES-MaACL
005 20230906201241.0
007 t|
008 071015s1912 ve |||| | spa d
245 0 0 _aVenezuela en el centenario de su independencia 1811-1911.
260 _aCaracas :
_b[s.n.],
_c1912 (
_fTip. Americana)
300 _a2 v. ;
_c32 cm.
651 4 _aVenezuela-
_xHistoria-
_yS.XIX.
_99521
852 _aES-MaACL
_jG-2980-81
999 _c145523
_d145523